Quiz of the year - 2021 - Statistics

General Stats
  • This quiz has been taken 61 times
  • The average score is 9 of 20
Answer Stats
Question Answer % Correct
Who famously tweeted support for the storming of the US Capitol Building? Donald Trump
91%
What member of the UK royal family died on the 9th April? Prince Philip
79%
Which country topped the medal table at the 2020 Tokyo Olympics (postponed due to COVID)? United States
79%
Joe Biden became president on the 20th January, what number president is he? 46
74%
What became Netflix's most watched series after its release on 17th September? Squid Game
53%
Which team won the Formula 1 Constructors Championship? Mercedes
49%
How many weeks did it take for the Taliban to regain control of Afghanistan after the initial withdrawal of US troops? 15
47%
Which South East Asian country experienced a coup d'état on the 1st February? Myanmar
45%
Which country won the Eurovision Song Contest? Italy
43%
What controversial football competition was abandoned by all 12 permanent members just days after it was announced? Super League
40%
Who performed the half time show at the Super Bowl? The Weeknd
40%
What was the highest grossing film of the year? Spider-Man: No Way Home
38%
Russian coastguard ships fired warning shots at the British HMS Defender on the 23rd June. Which country were the ships sailing past at the time? Ukraine
38%
Which cryptocurrency increased significantly in value after a series of tweets from Elon Musk? Doge coin
36%
Who became the eldest person in space after experiencing a sub-orbital flight courtesy of Jeff Bezos' Blue Origin? William Shatner
34%
Who won the 2021 ICC Men's T20 World Cup in November? Australia
28%
Which film won Best Picture at the 93rd Academy Awards? Nomadland
23%
Who succeeded Angela Merkel as Chancellor of Germany on the 8th Decemeber? Olaf Scholz
13%
What, according to Spotify, was the most streamed song of the year? Drivers license
9%
Which British organisation changed its logo on the 20th October but faced backlash about the new logo being almost identical to the previous? BBC
6%
No matching quizzes found
Score Distribution
Percent of People with Each Score
Percentile by Number Answered
Your Score History
You have not taken this quiz